[Event "EU-ch 12th"]
[Site "Aix les Bains"]
[Date "2011.03.27"]
[Round "6"]
[White "Zhukova, Natalia"]
[Black "Fedorchuk, Sergey A"]
[Result "0-1"]
[WhiteElo "2443"]
[BlackElo "2662"]
[Annotator "Marin,M"]
[PlyCount "105"]
[EventDate "2011.03.22"]
[EventType "swiss"]
[EventRounds "11"]
[EventCountry "FRA"]
[SourceTitle "CBM 142 Extra"]
[Source "ChessBase"]
[SourceDate "2011.06.27"]
[SourceVersion "1"]
[SourceVersionDate "2011.06.27"]
[SourceQuality "1"]

1. d4 Nf6 2. c4 e6 3. Nf3 Bb4+ {The Bogo-Indian and Queen's Indian often
transpose one to the other. In the present game, it all starts with a Bogo
move order, but later we get a QI tabyia.} ({The QI standard move order to get
the game variation is} 3... b6 4. g3 Bb7 5. Bg2 Bb4+ 6. Bd2 a5) 4. Bd2 a5 5. g3
({In the article on the variation introduced by} 5. Nc3 b6 {, published on
this same DVD, I have pointed out that after} 6. g3 {Black can do better than
transpose to the QI by playing the active} Ba6 $5) 5... b6 6. Bg2 Bb7 7. O-O
O-O {This tabyia bears some relation to that in which the white b-pawn has
been "convinced" to advance to b3 with 4...Ba6. This extra tempo does not
always help White. In certain cases, ...a5-a4 offers Black queenside play. It
has been one of Korchnoi's favourites over the last three decades of his
remarkable career.} 8. Bf4 {This is one of the main continuations. With the
pawn on b3, Black could take advantage of the fact that his bishop is not
under tension anymore and play 9...a4, when 10.a3 is ineffective because of 10.
..axb3!, pinning the a-pawn. Here, Black does not have such a possibility and
has to take meausres against the threat of trapping the b4-bishop with c4-c5.}
Be7 {In the classical QI, the move ...a5 is not very useful at this stage of
the game, but on the other hand White rarely plays Bc1-f4. These two aspects
tend to compensate for each other and the final evaluation of the position
remains uncertain.} 9. Re1 {Following a line which had brought her opponent to
defeat two years earlier.} ({The more popular move is} 9. Nc3 Ne4 {, when
White has tried several moves.} 10. Qc2 (10. Rc1 d6 11. Qd3 Nxc3 12. Rxc3 Nc6
13. e4 {has been played in a few games. White usually retained some advantage,
but in none of the cases did Black try the possibly equalising} Nxd4 $5 $146
14. Qxd4 e5 15. Nxe5 Bf6 $11) (10. Nxe4 Bxe4 11. d5 {wins space in the centre,
but with the light-squared bishop outside the pawn chain, Black should have no
big problems. Here is a recent example:} Bf6 12. Qd2 Na6 13. Rad1 Nc5 14. b3 d6
15. Bh3 e5 {Whenever the position gets blocked like this, the usefulness of ...
a5 is beyond question. We can see, though, that the bishop does not stand
especially well on f4.} 16. Be3 h6 17. Ne1 Bh7 18. f3 Bg5 19. Bxg5 Qxg5 20.
Qxg5 hxg5 21. e4 g6 22. Nd3 Nxd3 23. Rxd3 f5 {Black has been the first one to
start pawn play on "his" wing. White still needs to prepare a3, b4 and c5,
because this would lead to the opening of the a-file with possibilities of
black counterplay.} 24. Rc3 Kg7 25. a3 Kf6 {The doubled pawns restrict Black's
active possibilities on the kingside. Therefore, he will take measures against
White's queenside attack.} 26. Bg2 Bg8 27. Rb1 Rfc8 28. Bf1 c6 $1 29. dxc6 Rxc6
{Suddenly, the c4-pawn is vulnerable and White decides to make a self-blocking
move.} 30. a4 $15 {However, Black could not find a way of opening the kingside
and everything ended peacefully in Sargissian,G (2667)-Lysyj,I (2578)/Mainz
2007/CBM 119 ext (1/2, 47)}) 10... Nxc3 11. Qxc3 (11. bxc3 Ra7 $1 $11 {Piket,J
(2590)-Kortschnoj,V (2605)/Nijmegen 1993/CBM 036/[Dautov] (1/2 , 43)}) 11... d6
12. Rfd1 Nd7 13. Rac1 h6 $5 {The relative lack of space does not bother him
too much after the exchange of one pair of knights. He can organise his
defensive lines at his own pace.} 14. Qd3 f5 15. Qe3 Rf6 16. h4 (16. c5 $5 Be4
$5) 16... Qe8 {and Black soon managed to carry out ...e5 with strong
initiative in Van Wely,L (2605)-Salov,V (2675)/Amsterdam 1996/CBM 055 (0-1, 40)
}) 9... Qc8 {Deviating from his previous game with this line.} (9... d6 10. Nc3
Ne4 11. Qc2 Nxc3 12. bxc3 $5 {Maintaining the queen on the active diagonal, at
the cost of reducing the flexibility of his structure. In this situation, the
move ...a5 looks more like a weakening, because the b6-pawn is less solid than
in other similar positions.} ({On the other hand, one further merit of ...a5
can be seen after} 12. Ng5 $2 Bxg5 13. Bxb7 {, a tactical operation that wins
material in certain QI lines. Here, however, it is Black who wins material
after} Ra7) 12... f5 $6 {Underestimating the next move.} (12... Nd7 13. Ng5
Bxg5 14. Bxb7 Rb8 15. Bxg5 Qxg5 16. Bc6 Rbd8 17. f4 $14) (12... h6 13. e4 Nd7
14. Rad1 Ba6 15. Bf1 c6 {leaves Black with a flexible position, with
possibilities of counterplay against the weak squares along the c-file.}) 13.
e4 $1 (13. Ng5 {is ineffective once the c2-h7 diagonal has been covered.} Bxg2
14. Nxe6 Be4 $13) 13... Bxe4 14. Rxe4 $1 fxe4 15. Qxe4 Ra7 16. Qxe6+ Kh8 17.
Re1 c6 18. h4 $16 {Fressinet,L (2664)-Fedorchuk,S (2656)/Villandry 2009/CBM
131 Extra (1-0, 33). With a very active position for White.}) 10. Nc3 (10. Nbd2
{leaves the f4-bishop exposed.} Nh5 $1 11. e3 d6 12. Ng5 g6 13. Bxb7 Qxb7 14.
Nh3 Nxf4 15. Nxf4 Bf6 16. h4 Nd7 17. Qf3 Qxf3 18. Nxf3 c6 19. Rac1 Rfd8 20. Rc2
a4 21. Nd3 c5 $11 {/=/+ Pavlovic,M (2533)-Banikas,H (2598)/Kavala 2009/CBM 131
Extra (0-1, 42)}) 10... Ne4 11. Nxe4 Bxe4 12. Nd2 $146 {It is now White who
deviates from an earlier Fressinet game. The text move is safe, but does not
seem to offer White too much.} ({The critical continuation may be} 12. Bf1 {
, although the following game ended in a draw rather soon:} Bxf3 (12... d6 13.
Nd2 Bb7 14. e4 Nd7 15. Bh3 $14) 13. exf3 Bf6 14. Qd2 Nc6 15. Be3 Ne7 16. Bd3 c6
17. Rac1 Qb7 18. h4 {1/2 Fressinet,L (2658)-Werle,J (2563)/Eforie Nord 2009/
CBM 132 Extra. The position is interesting, with chances for both sides, but
personally I would choose to play it with White, because of the strong bishop
pair and the space advantage.}) 12... Bxg2 13. Kxg2 Nc6 ({I would be tempted
to start kingside operation in the spirit of certain lines of the English
hedgehog:} 13... g5 14. Be3 Qb7+ 15. Kg1 f5 16. Nf3 f4 17. Bd2 Qe4 {followed
by ...Nc6 and ...Bf6.}) 14. Nf3 Bb4 $5 {Fighting for space on the queenside
and forcing the rook to abandon the relatively active e1-square.} 15. Rf1 a4
16. a3 Be7 17. Rc1 {[%cal Gc4c5]} (17. e4 d6 18. Re1 Qd7 {[%cal Gc6a5]}) 17...
d6 18. e4 Re8 19. Re1 Bf6 ({Once again, the simplifying operation} 19... Nxd4 {
may lead to plain equality:} 20. Nxd4 e5 21. Bxe5 dxe5 22. Nc6 Bg5 23. Rc2 Re6)
20. e5 dxe5 21. Bxe5 Bxe5 22. Nxe5 Nxe5 23. dxe5 (23. Rxe5 Qd7 24. Qd3 Rad8 25.
Rd1 c6 {may cause White some long term problems with her d4-pawn.}) 23... Ra5
24. Qf3 Rc5 $11 {The position has been simplified and White's space advantage
is completely compensated for by the superior flexibility of Black's structure.
} 25. Qe4 h6 26. Red1 Rd8 27. Rxd8+ Qxd8 28. Rc3 Qe8 29. Rd3 g5 30. h4 Qc6 31.
Qxc6 Rxc6 32. hxg5 hxg5 33. Rd4 Rc5 34. Re4 Kg7 35. Kf3 f5 36. exf6+ Kxf6 37.
Ke3 Rc6 {The ending is pretty equal and I have problems understanding which of
the opponents was playing for a win. Possibly both of them.} 38. c5 b5 $6 {
Causing himself unnecessary problems, without getting anything in exchange.} (
38... Rxc5 $11 {is safer.}) 39. Kd4 Ra6 40. f4 g4 41. Kc3 Ra8 42. Kb4 c6 43.
Rd4 (43. Re2 Kf5 (43... Rh8 44. Ka5 $16) 44. Re5+ Kf6 45. Rg5 $14) 43... Rh8
44. Ka5 (44. Rd2 Rh3 45. Rg2 Rh5 46. Rc2 Rh3 $132 47. Ka5 Rxg3 48. Kb6 Rf3 49.
Kxc6 g3 50. Rg2 Rf2 51. Rxg3 Rxb2 52. Rg8 b4 53. axb4 Rxb4 54. Kd6 {Black
still has to fight for a draw.}) 44... Rh2 45. Kb6 Rxb2 46. Kxc6 Rb3 47. Rd1 $6
{Losing a tempo.} ({As will be revealed soon, it is better to have the rook on
the second rank.} 47. Rd2 $1 $11) 47... Rxg3 48. Kxb5 Rxa3 49. c6 Rc3 50. Kb6
g3 51. c7 a3 52. Rd3 $2 ({Even with the loss of one tempo,} 52. Rd2 $1 {
would have saved the day.} Kf5 53. Ra2 Kxf4 54. Rxa3 g2 55. Rxc3 g1=Q+ 56. Rc5
$11 {Blakc has to give perpetual check 9sometimes with only moves!)}) 52... g2
$19 53. Rxc3 {Primel: La partie a duré en fait 59 coups mais les deux
feuilles de parties sont illisibles} (53. Rxc3 g1=Q+ 54. Rc5 a2 55. c8=Q a1=Q
56. Qf8+ Kg6 57. Qg8+ Kh6 {and checks will come to an end soon. It should be
noted that White cannot use her rook for the attack because it is pinned.}) 0-1

[Event "ROM-chT "]
[Site "Mamaia"]
[Date "2015.10.05"]
[Round "3.2"]
[White "Jianu, Vlad Cristian"]
[Black "Marin, Mihail"]
[Result "1/2-1/2"]
[WhiteElo "2563"]
[BlackElo "2580"]
[Annotator "Marin,M"]
[PlyCount "85"]
[EventDate "2015.10.03"]
[EventType "team-tourn"]
[EventRounds "9"]
[EventCountry "ROU"]
[SourceTitle "CBM 169"]
[Source "ChessBase"]
[SourceDate "2015.11.10"]
[SourceVersion "1"]
[SourceVersionDate "2015.11.10"]
[SourceQuality "1"]
[WhiteTeam "Timisoara Medicina"]
[BlackTeam "Bucharest Apa Nova"]
[WhiteTeamCountry "ROU"]
[BlackTeamCountry "ROU"]

1. d4 {There are a few coincidences between this game and that between the
same opponents in the previous edition of the team championship. I was Black
each time, the game was played in the third round when I was on 2/2, my team
Apanova beat his Medicina Timisoara by 4.5-1.5 but Medicina won the
championship anyway... The only difference is that this time I failed to
convert my overwhelming advantage.} e6 2. c4 Nf6 3. Nf3 b6 4. g3 Bb7 5. Bg2
Bb4+ ({If Black wants to get a solid position with prospects for counterplay
and avoid the heavy theory after 4...Ba6 or} 5... Be7 6. O-O O-O 7. d5 $5 {
I find the last move most appropriate.}) 6. Bd2 a5 ({In my article for CBM 144
I examined} 6... Bxd2+ {. I did not write any article on the game variation,
but annotated several games and played it a few times before, so my choice
could hardly have been a surprise for my opponent.}) 7. O-O O-O 8. Bf4 (8. Bg5
{Rodshtein,M (2645)-Bacrot,E (2714) Porto Carras 2011 CBM 146 [Marin,M] (1/2-1/
2, 85)}) 8... Be7 9. Nc3 (9. Re1 Qc8 (9... d5 10. Ne5 {Lenic,L (2634)
-Gretarsson,H (2452) Porto Carras 2011 CBM 146 [Marin,M] (1-0, 43)}) 10. Nc3
Ne4 {Zhukova,N (2443)-Fedorchuk,S (2662) Aix-les-Bains 2011 CBM 142B [Marin,M]
(0-1, 53)}) 9... Ne4 10. Qc2 ({After making my last move I realised in a flash
that I had not checked} 10. Nb5 {which I had faced a few years ago.} Na6 11.
Rc1 d6 12. a3 f5 $6 (12... c6 {looks safer}) 13. Nd2 Nxd2 14. Bxb7 Nxf1 15.
Qxf1 {with more than enough compensation for the exchange, even though I later
managed to swindle my young opponent in Iturrizaga Bonelli,E (2656)-Marin,M 
(2547) Leon 2012 (0-1, 38)}) 10... Nxc3 11. Qxc3 d6 {All these moves were
played relatively quickly but now my opponent had his first long think.} 12.
Qc2 {Not really a novelty, but a move I had not seen before.} ({I remembered} 
12. Rfd1 Nd7 13. Rac1 h6 $5 14. Qd3 f5 {Van Wely,L (2605)-Salov,V (2675)
Amsterdam 1996 (0-1, 40)}) ({But I was mainly worried about} 12. Rfe1 {with
the same idea as the game move: to occupy the centre with e2-e4. I later found
out there is a good antidote to it:} Nd7 ({I was reluctant to play} 12... f5 $6
{and probably rightly so:} 13. Qe3 Qd7 14. Bg5 $14 {Ilincic,Z (2570)-Akesson,R
(2510) Elista 1998 (1-0, 44)}) ({I considered} 12... c5 $5 {as a serious
candidate, taking advantage of the fact that White has not put pressure on the
d-file.}) 13. Qc2 ({The trick is that} 13. e4 $6 {runs into} e5 $1 $132 14.
dxe5 $2 dxe5 15. Nxe5 Bb4 $17) 13... f5 14. e4 g5 15. Bc1 {Leitao,R (2629)
-Diaz Hollemaert,N (2474) Villa Martelli 2010 (1-0, 40)} g4 16. Nd2 f4 $132) (
12. Qd3 {is another way of preparing e2-e4.} Nc6 (12... f5 13. Qe3 {is similar
to what I wanted to avoid in the previous line. The missing Rfe1 tempo is not
too relevant.}) 13. e4 {Farago,I (2490)-Short,N (2485) Hastings 1982 (1/2-1/2,
18)} Nxd4 (13... e5 14. dxe5 g5 15. Be3 g4 16. Ne1 Nxe5 17. Qe2 Bg5) 14. Qxd4
e5 15. Nxe5 Bf6 16. Qc3 Qe8 17. c5 dxe5 18. Be3 b5 19. Rfd1 Bc6 $11) 12... f5 {
Since the queen does not have access to e3, the e6-square is not in danger.}
13. Rfd1 {Polugaevsky,L (2635)-Kortschnoj,V (2695) Candidates sf2 1980 (4) 0-1
Even though I started playing this concrete line only recently, the current
structure was familiar to me ever since Korchnoi's 1977 and 1980 Candidates'
matches with Polugaevsky. The game which produced the strongest impact on me
was} Bf6 {I took my time before playing this.} ({As one frequently preaching
about development, I wished I could play} 13... Nd7 $5 {but was afraid of} 14.
Ng5 ({If} 14. Rac1 Bf6 $11 {Black has no problems at all. Everything is safe
on the queenside and he can think of taking over the initiative with either ...
g7-g5 or ...e6-e5.}) 14... Bxg2 15. Nxe6 Be4 16. Qc1 (16. Qd2 {reduces the
mobility of the bishop, allowing} Qc8 17. Nxf8 Qxf8 18. d5 h6 19. f3 g5 20. Be3
{With the queen on c1 the bishop could go to d2.} f4 21. gxf4 Bf5 $13) 16...
Qc8 17. Nxf8 Qxf8 18. d5 {I stopped here since it is obvious that Black would
soon be an exchange down. When I was younger, I would have taken this as a
challenge, since the positional exchange sacrifice used to be my specialty. In
fact, Black has great play after} Bf6 (18... h6 19. f3 g5 20. Bd2 $16) 19. f3
Re8 $44 {[%csl Rb2][%cal Gd7c5,Gh7h6,Gg7g5] All his pieces are active, the
white kingside will be weak after the inevitable f3xe4, the b2-pawn needs
permanent caution... But for truth's sake, I should say that my last move is
by no means weaker than 13...Nd7.}) 14. c5 {White has to take advantage of the
weakened defence of the c5-square at once.} ({After} 14. Rac1 Nd7 $11 {it
would be too late already for opening the queenside. And the tactical trick}
15. Ng5 $2 {would not work at all now:} Bxg2 16. Nxe6 Be4 17. Qd2 Qe7 $1 {
This is the difference! The queen can stay on the h4-d8 diagonal, supporting ..
.g7-g5 slightly later.} 18. Nxf8 Rxf8 19. d5 g5 20. Be3 f4 $19) ({Or if} 14.
Ne1 Bxg2 15. Nxg2 Nc6 $132 {with an improved version of the aforementioned
Polugaevsky-Kortschnoj game, since the bishop stands badly on f4. Black does
not need the prophylactic ...Qd7 since} 16. d5 {runs into} Nb4 17. Qc1 e5 $36)
14... bxc5 {I had discovered this structural reaction to the thematic c4-c5 as
a teenager, when studying Korchnoi's games.} ({I briefly considered} 14... Be4
{aiming to perpetually pursue the enemy queen, but rejected it for two main
reasons. First of all, I did not wish to play for a short draw and secondly I
thought there were too many deviations to calculate them all.} 15. Qb3 (15. Qc1
{is too passive, leaving the queenside underdeveloped after} Na6 16. cxd6 cxd6
$36 {[%csl Ra1,Rb2][%cal Ga8c8]}) 15... Bd5 16. Qa3 {[%csl Gd6]} (16. Qe3 Qd7 {
[%cal Gb8c6]}) (16. Qb5 Bc6 $11) 16... g5 $1 17. Bd2 g4 18. Ne1 Bxg2 19. Nxg2
bxc5 20. dxc5 d5 21. Nf4 Qe7 22. Bc3 Nc6 $11 {Black has reached the same kind
of structure as in the game, but in principle it would be better to have the
pawn on g7 still, avoiding the white knight's establishing itself with
stability on f4.}) 15. dxc5 Be4 $6 {It took me some time to decide whether I
should activate the bishop before or after ...d6-d5. As the next comment
proves, I took the wrong decision.} (15... d5 $1 16. Nd4 Bxd4 17. Rxd4 Nc6 {
This is the kind of structure Black should be aiming for after c4-c5. The
knight is stable on c6 and the bishop can become active on the f1-a6 diagonal.
At the same time, Black's pawn chain is more flexible than White's.} 18. Rdd1
Qe7 (18... Ba6 19. e4 $14) 19. b3 Ba6 $11) 16. Qb3 $6 {In vain hoping to
molest Black with Qb7.} ({My main candidate was} 16. Qa4 $6 d5 17. Nd4 Bxd4 18.
Rxd4 Bxg2 19. Kxg2 Ra6 {/\ Nc6} 20. Qb5 {Having reached this position, I
considered several possibilites for Black to complete his development and
decided that at least one of them should work, without the need to choose one
in advance. One possible continuation is} Qe7 {/\ ...e5} 21. Ra4 (21. Be5 c6 {
[%csl Gc5] x c5}) 21... e5 22. Bd2 f4 23. Rxa5 Rh6 $44) ({But the not very
obvious} 16. Qc1 $1 {suggested by Tarlev during the post mortem would have
posed serious problems.} d5 (16... Ra6 17. Ng5 $14 Bxg2 $2 18. Nxe6 $16) 17.
Ng5 $1 {This is why the queen is needed on c1.} Bxg2 (17... Qe7 18. f3 (18.
Nxe4 fxe4 $15 {/\ Nc6}) 18... Bc2 $8 19. Nxe6 $1 Bxd1 20. Nxc7 $16) 18. Nxe6
Qe7 19. Nxc7 Bh3 20. Qd2 $3 ({Our post mortem went} 20. Nxa8 $2 Qe4 21. f3 Qxe2
22. Qd2 Bd4+ $1 $19 {I do not remember exactly, but it is possible that
somebody also suggested 20.Qd2 without a clear conclusion.}) 20... Ra7 21. Bd6
Qf7 22. Bxf8 Rxc7 23. Bd6 Rc8 24. Qxd5 Nc6 25. Qxf7+ Kxf7 26. Rd2 $14 {White
has a lot of pawns but Black's minor pieces are stable so the fight is really
on. Black's main problem is to re-activate his light-squared bishop, which for
the time being keeps the king under pressure, though.}) 16... d5 $15 {My
opponent confessed that he became very depressed after this move. White has no
tactical threat and strategically his position is very unpleasant.} 17. Ne1 $6
(17. Ne5 $2 Bxg2 18. Kxg2 g5 $19) (17. Qb7 $6 Na6 $17) (17. Be5 Nc6 $15) 17...
Bxg2 18. Kxg2 Ra7 $6 (18... Qd7 $5 $15 {[%cal Gb8c6] /\ Nc6 Jianu} 19. c6 (19.
Qb7 Na6 20. c6 Qe7 {/\ Rfb8} 21. Qb5 Rfb8 22. Qxa5 g5 23. Be3 Nb4 24. Qc5 Qxc5
25. Bxc5 Bxb2 26. Rab1 Nxc6 $17) 19... Nxc6 20. Rac1 Rfb8 21. Qa4 Rb6 22. Nd3
$15) (18... Nc6 $1 $17 19. Qb7 Qe8 $1 {/\ ...e5} 20. Qxc7 (20. Bxc7 Ra7 21. Qb6
Rf7 22. Bd6 Rfb7 $19) 20... Rb8 $1 {[%csl Gc7][%cal Gf8f7] /\ Rf7, x Qc7}) 19.
Qe3 Re8 20. Be5 Bxe5 21. Qxe5 Nc6 22. Qc3 Qf6 $15 {Even though I lost some
time while carrying out my main plan, the position remains one-sided in
Black's favour.} 23. Rac1 (23. Qxf6 gxf6 24. Rac1 Rb8 25. Nd3 Nb4 26. Nf4 Kf7
27. a3 Nc6 $17) 23... Qxc3 (23... Rb8 $5 24. Nd3 Nb4 $15) 24. Rxc3 Rb7 $15 (
24... Rb8 $5) (24... a4 $5) 25. Nd3 e5 26. e3 Kf7 27. Rd2 ({I considered} 27.
h4 {absolutely necessary in order to ensure the control over f4 in case of ...
e5-e4. I intended to play} Kf6 28. Rd2 Rd8 {[%cal Gd5d4] /\ ...d4} 29. Ne1 e4
$17) 27... g5 28. f4 $2 {This should have lost quickly.} e4 29. Nc1 g4 $2 {
This is already over-ambitious. I wanted to create a mating net around the
white king, but as the game shows the h-file will be useful for White's
counterplay to a higher extent than the g-file would be. At the same time,
there was an immediate win with} (29... gxf4 $1 30. gxf4 d4 $1 (30... Ke6 $17)
31. exd4 e3 32. Re2 Nxd4 33. Rexe3 Rxb2+ {For some reasons, I was not entirely
happy with this position, but White is helpless.} 34. Kf1 (34. Kg1 $2 Rxe3 35.
Rxe3 Rb1 $19) (34. Kh3 Ne6 35. Rf3 Rg8 $19 {/\ Rgg2, /\ Rg4}) 34... Rxe3 35.
Rxe3 Rxh2 $19) 30. b3 $15 {White is now on the track leading to survival.} Ke6
31. h3 $5 (31. Ne2 a4 32. bxa4 Reb8 $15) 31... h5 (31... gxh3+ $5 32. Kxh3 Rb4
33. Ne2 a4 34. g4 fxg4+ 35. Kxg4 Reb8 $17) 32. hxg4 hxg4 33. Ne2 Rbb8 $6 (33...
a4 34. bxa4 Reb8 35. Rc1 {/\ Rh1} Rb2 $1 36. Rcd1 R8b4 $17) 34. Rc1 Rh8 35.
Rcd1 (35. Rh1 Rxh1 36. Kxh1 Rb5 37. Rc2 a4 38. bxa4 Ra5 $17) 35... Nb4 $6 (
35... a4 $5 36. bxa4 Na5 37. Nd4+ (37. Rxd5 Nc4 $19 {x e3}) 37... Kf6 38. Re2
Rh3 39. Rh1 Rxh1 40. Kxh1 Rb4 $15) 36. Nd4+ Kf6 37. Rh1 Rxh1 38. Kxh1 Rh8+ 39.
Kg2 Nd3 40. Rd1 Nb4 41. Rd2 Nd3 42. Rd1 Nb4 43. Rd2 1/2-1/2